000
00251nam a22001097a 4500
082
_a
671.03 NEW'T
100
_a
TECHNICAL TRADES
_9
60498
245
_a
AUDELS NEW MECHANICAL DICTIONARY
260
_a
NEWYORK
_b
THEO
_c
1962
300
_a
740P
942
_c
BK
999
_c
570204
_d
570204